000
00303nam a22001337a 4500
008
170927b xxu||||| |||| 00| 0 eng d
020
_a
2900807744481
041
_a
eng
080
_2
4TH
_a
37
100
_a
47
101
_a
EDU
245
_a
APPROACHES TO TEACHING
_c
FENSTERMACHER,G.D
942
_2
udc
_c
BK
999
_c
30292
_d
30292